| 000 | 00425nam a22001697a 4500 | ||
|---|---|---|---|
| 003 | CEME | ||
| 005 | 20210628203548.0 | ||
| 008 | 210316b xxu||||| |||| 00| 0 eng d | ||
| 020 | _a0-8133-7287-9 | ||
| 040 | _c. | ||
| 082 | _a537 COG'D | ||
| 100 |
_aChartock, M. A , Devine, M. D _966265 |
||
| 245 | _aCogeneration and decentralized production | ||
| 260 |
_aLONDON _bWESTVIEW _c1987 |
||
| 300 | _a303P | ||
| 942 |
_cBK _2ddc |
||
| 999 |
_c574252 _d574252 |
||